00722nai a2200193Ia 4500003000900000008004100009022002200050022002300072040001600095245003200111260003600143310001700179362002600196521006900222856007100291942000700362999001700369952014200386IN-BaIIA211028c9999 xx s 000 0 eng d a0276-7333 (Print) a1520-6041 (Online) cIIA Library 0aOrganometallicsh[eJournal] aWashington DCbACS Publications aSemi-monthly a15(1); 1996 - Present bSubscribed through National Knowledge Resource Consortium (NKRC) uhttps://pubs.acs.org/journal/orgnd7yClick Here to Access eJournal cEJ c35479d35479 00104070aBANbBANd2009-01-01eNKRCh15(1); 1996 - Presentl0pEJ1563r2021-11-05uhttps://pubs.acs.org/journal/orgnd7w2021-11-05yEJ